| 000 | 00993nam a2200265Ia 4500 | ||
|---|---|---|---|
| 003 | OSt | ||
| 005 | 20221005105611.0 | ||
| 006 | a|||||r|||| 00| 0 | ||
| 007 | ta | ||
| 008 | 221004b |||||||| |||| 00| 0 hin d | ||
| 020 | _c350 | ||
| 024 | _a6892 | ||
| 037 |
_b94, 05/09/2013, Vani Prakashan _cTextual |
||
| 040 |
_aCRL _cCRL _bhin |
||
| 041 |
_2hin _ahin |
||
| 082 | _aNT58, 152P1 | ||
| 100 | _aमिश्र, विश्वनाथ | ||
| 245 | 0 | _aस्तानिस्लाव्स्की भूमिका की संरचना | |
| 246 | _aStānislāvskī bhūmikā kī sanrachanā | ||
| 260 |
_aनई दिल्ली _bराष्ट्रीय नाट्य विद्यालय भारत _c2001 |
||
| 300 |
_a228पृ0 _ccm. |
||
| 650 | _aहिन्दी साहित्य | ||
| 942 |
_hNT58, 152P1 _cTEXL _2cc |
||
| 999 |
_c1016305 _d1016305 |
||